|
|
|
|
| LEADER |
00000namaa22000007a 4500 |
| 005 |
2015121703243.0 |
| 007 |
cr|||| ||u| |
| 008 |
151217s2013 bl ||||| |||| 00||0 por d |
| 020 |
|
|
|a 978-85-8085-038-3
|
| 035 |
|
|
|a 12982
|
| 040 |
|
|
|a vLex
|
| 090 |
|
|
|c 5752
|d 5752
|
| 100 |
1 |
|
|a Antn̥io Maggio, Eduardo
|
| 245 |
1 |
0 |
|a Manual de infraė̳s, multas de trńsito e seus recursos
|h [Recurso electrn̤ico] /
|c Eduardo Antn̥io Maggio
|
| 256 |
|
|
|a Servicio en ln̕ea
|
| 260 |
|
|
|a Brasil
|b Editora Mundo Jurd̕ico
|c 2013
|
| 300 |
|
|
|a 1 recurso electrn̤ico
|
| 500 |
|
|
|a Esta ̌a 7® ediȯ̂ deste meu trabalho. O que demonstra a grande aceitaȯ̂ e interesse que sempre tem tido por parte do pb︢lico leitor. Por esse motivo, procuramos aperfeiȯ-̀lo mais ainda e, a cada ediȯ̂, procedemos ̉sua total revisô, atualizaȯ̂ e ampliaȯ̂ em determinados pontos de seus catorze capt̕ulos, tornando-o mais prt̀ico e objetivo, no sentido de proporcionar ao prezado leitor, maior praticidade para o seu manuseio e encontro daquilo que deseja saber e utilizar para o que for de seu interesse, com riqueza de informaė̳s, de normas, exemplos, orientaė̳s, jurisprudn̊cias e modelos para todos os fins.
|
| 506 |
1 |
|
|a Contenido solo disponible en los productos indicados
|d vLex Global
|d vLex Global (Academic Edition, excluding Law Schools)
|d vLex Global (U.S. Academic Edition, Law Schools)
|d vLex Global (U.S. Academic Edition, excluding Law Schools)
|d vLex Global (Academic Edition, Law Schools)
|
| 650 |
0 |
4 |
|a Derecho
|z Brasil
|
| 740 |
0 |
|
|a vLex libros (servicio en ln̕ea)
|
| 856 |
4 |
0 |
|u http://vlex.com/source/manual-de-infra-es-multas-de-tr-nsito-e-seus-recursos-12982
|z Acceso restringido
|
| 942 |
|
|
|c BOOK
|
| 999 |
0 |
|
|a Law
|